000 00959nam0a2200313 4500
001 RU\NLR\bibl\400793
005 20260601065507.0
010 _a5-699-02003-9
_97100
021 _aRU
_b2003-14026
_9651
035 _a(NLR Aleph) 000394967
090 _a539198
_c539198
100 _a20030520d2003 |||y0rusy50 ca
101 0 _arus
102 _aRU
105 _ay |||||||||
200 1 _aТеррорист №1
_e[Роман]
_fСергей Соболев
210 _aМ.
_cЭКСМО
_d2003
215 _a380, [1] с.
_d17
225 1 _aРусский бестселлер
_eРБ
225 1 _aPocket book
686 _aШ6(2=Р)75-446
700 1 _4070
_8rus
_7ca
_aСоболев
_bС. В.
_f1958-
_cписатель
_gСергей Викторович
_3RU\NLR\auth\772084
_9112101
801 0 _aRU
_bNLR
_c20030520
_gPSBO
801 1 _aRU
_bNLR
_c20030520
942 _cBOOK
980 _aNB